000 00688nam a2200265 a 4500
001 31663
003 AR-BaAGN
005 20231208062542.0
007 ta
008 220625s1995 ag |||||r|||| ||||||spa d
020 _a950-9807-12-5
040 _dAR-BaAGN
_aAR-BaAGN
_bspa
_eaacr
100 1 _aStern, Grete
245 1 0 _aObra fotográfica en la Argentina
250 _a1ª ed.
260 _aBuenos Aires :
_bFondo Nacional de las Artes,
_c1995.
300 _a159 páginas :
_bilustraciones
336 _2rdacontent
_btxt
337 _2rdamedia
_bn
338 _2rdacarrier
_bnc
650 4 _aFOTOGRAFÍA
_91708
651 4 _aArgentina
_93645
942 _cLIBRO
999 _c31663
_d31663